L´oeuvre de Rembrandt (Record no. 5199)

MARC details
000 -CABECERA
campo de control de longitud fija 00652nam a2200229 a 4500
001 - NÚMERO DE CONTROL
campo de control BRCA_5505
005 - FECHA Y HORA DE LA ÚLTIMA TRANSACCIÓN
campo de control 20190320205117.0
008 - DATOS DE LONGITUD FIJA--INFORMACIÓN GENERAL
campo de control de longitud fija 030211s1873----fr-a######---#000-0#fre-#
041 ## - CÓDIGO DE LENGUA
Código de lengua del texto/banda sonora o título independiente fre
044 ## - CÓDIGO DEL PAÍS DE LA ENTIDAD EDITORA/PRODUCTORA
Código MARC del país fr
050 #4 - SIGNATURA TOPOGRÁFICA DE LA BIBLIOTECA DEL CONGRESO
Número de clasificación ND653.R4
Número de documento/Ítem .B52 1873
100 1# - ENTRADA PRINCIPAL--NOMBRE DE PERSONA
Nombre de persona Blanc, M. Charles
9 (RLIN) 14071
245 10 - MENCIÓN DE TÍTULO
Título L´oeuvre de Rembrandt
Mención de responsabilidad, etc. decrit et commente par M. Charles Blanc.
260 ## - PUBLICACIÓN, DISTRIBUCIÓN, ETC.
Lugar de publicación, distribución, etc. París
Nombre del editor, distribuidor, etc. A. Levy
Fecha de publicación, distribución, etc. 1873
300 ## - DESCRIPCIÓN FÍSICA
Extensión 2 v.
Otras características físicas il. 75 láminas
Dimensiones 37 cm.
500 ## - NOTA GENERAL
Nota general Incluye catálogo de obras
500 ## - NOTA GENERAL
Nota general E179
600 14 - PUNTO DE ACCESO ADICIONAL DE MATERIA--NOMBRE DE PERSONA
Nombre de persona Rembrandt Harmenszoon van Rijn
Fechas asociadas al nombre 1607-1669
9 (RLIN) 7357
650 14 - PUNTO DE ACCESO ADICIONAL DE MATERIA--TÉRMINO DE MATERIA
Término de materia o nombre geográfico como elemento de entrada Pintores holandeses
9 (RLIN) 14072
902 ## - CATALOGADOR
Iniciales GFM
942 ## - ELEMENTOS DE PUNTO DE ACCESO ADICIONAL (KOHA)
Fuente del sistema de clasificación o colocación Library of Congress Classification
Tipo de ítem Koha Libros
Holdings
Estado de retiro Estado de pérdida Estado dañado No para préstamo Localización permanente Ubicación/localización actual Fecha de adquisición Número de inventario Total de préstamos Signatura topográfica completa Código de barras Fecha visto por última vez Precio válido a partir de Tipo de ítem Koha
El ejemplar forma parte de la colección y puede ser consultado según las políticas vigentes.       Biblioteca del Museo Franz Mayer (Rogerio Casas-Alatriste) Biblioteca del Museo Franz Mayer (Rogerio Casas-Alatriste) 03/02/2011 E179   ND653.R4 .B52 1873 (E179) 5941 22/03/2019 22/03/2019 Libros